| 000 | 00761nam a2200265Ia 4500 | ||
|---|---|---|---|
| 001 | dia_210 | ||
| 003 | CHAP | ||
| 005 | 20221208120644.0 | ||
| 008 | 220117s1995 xx 000 0 und d | ||
| 010 | _a170638 | ||
| 020 | _a970-625-109-X | ||
| 040 | _cCHAP | ||
| 082 | _a332.67 Z45 1995 | ||
| 100 |
_aZelaya de la Parra, Eduardo _9147568 |
||
| 245 |
_aEvaluación económica de proyectos de inversión en su PC / _c Eduardo Zelaya de la Parra |
||
| 260 |
_aMéxico : _b Iberoamericana, _c1995 |
||
| 300 | _avii, 57 p | ||
| 503 | _aC/e | ||
| 504 | _aBibliografía: p. 57 | ||
| 650 |
_aProyectos _9147489 |
||
| 901 | _a332.67 Z45 1995 | ||
| 902 | _aM | ||
| 905 | _a0000001995 mx nQ 0000000000spa00 | ||
| 942 |
_cLIBRO _2ddc |
||
| 999 |
_c170638 _d170638 |
||